| 000 | 00000nam 2200000zi 4500 |
| 001 | 9.874730 |
| 003 | CaOODSP |
| 005 | 20221107164254 |
| 006 | m o d f |
| 007 | cr ||||||||||| |
| 008 | 190611t20192019quc #o f000 0 fre d |
| 020 | |a9780660313634 |
| 040 | |aCaOODSP|bfre|erda|cCaOODSP |
| 043 | |an-cn--- |
| 086 | 1 |aEn4-376/2-2019F-PDF |
| 245 | 00|aRèglement sur les urgences environnementales (2019) : |butilisation des plans d’urgence environnementale existants. |
| 246 | 10|aUtilisation des plans d’urgence environnementale existants |
| 264 | 1|a[Gatineau, QC] : |bEnvironnement et changement climatique Canada = Environment and Climate Change Canada, |c[2019] |
| 264 | 4|c©2019 |
| 300 | |a1 ressource en ligne (2 pages non numérotées) |
| 336 | |atexte|btxt|2rdacontent/fre |
| 337 | |ainformatique|bc|2rdamedia/fre |
| 338 | |aressource en ligne|bcr|2rdacarrier/fre |
| 500 | |aTitre de départ. |
| 500 | |aPublié aussi en anglais sous le titre : Environmental emergency regulations, 2019 : use of existing environmental emergency plans. |
| 520 | |a« Le Règlement sur les urgences environnementales (2019) oblige une entreprise à adopter un plan d’urgence environnementale (plan d’UE) pour démontrer qu’elle est prête à réagir en cas de rejet accidentel de substances dangereuses réglementées. Les entités réglementées peuvent utiliser un plan existant s’il satisfait aux exigences du paragraphe 4(2) du Règlement » -- Page [1]. |
| 692 | 07|2gccst|aProtection de l'environnement |
| 692 | 07|2gccst|aProtection civile |
| 692 | 07|2gccst|aRèglements |
| 710 | 1 |aCanada. |bEnvironnement et changement climatique Canada. |
| 775 | 08|tEnvironmental emergency regulations, 2019 : |w(CaOODSP)9.874729 |
| 856 | 40|qPDF|s615 Ko|uhttps://publications.gc.ca/collections/collection_2019/eccc/En4-376-2-2019-fra.pdf |